Quizzes
Events
Quiz Creation
Community
Videos
Private Events
Remove Ads
Sign In
Join for FREE
Feedback
Dark Mode
Quiz Categories
Sports
Geography
Music
Movies
Television
Just For Fun
Miscellaneous
History
Literature
Language
Science
Gaming
Entertainment
Religion
Holiday
For Kids
Quiz Lab
Recent
Popular Today
Quiz Kudos Today
Editor Picks
Curator Picks
Quizzes by...
Day
Popularity
Type
Ratings
Length
Year
Community
Subscriptions
Recent Discussions
Orange Saloon
Badges
Playlists
Quests
Create
Leaderboards
Showdown
Live 5
Trivia Bingo
Activity
Puzzle Library
Sporcle Events
Private Events
Virtual Trivia
Globe League
Become a Host
Pub Owners
SporcleCon
Opinionation
Our Games
Videos
Blog
Mobile Apps
Partnerships
Remove Ads and Go Orange
Feedback
Television
TV Characters
TV Show
Sitcom
Network
Friends
Reality Shows
Cast
South Park
Star Trek
The Simpsons
Doctor Who
Television
TV Characters
TV Show
Sitcom
Network
Friends
Reality Shows
Cast
South Park
Star Trek
The Simpsons
Doctor Who
Random Quiz
Search Sporcle
×
Quiz Lab
Quiz Lab
Television
Buffy the Vampire Slayer
Type in answers that appear in a list
Type in answers that appear in a list
Classic
Best Score? Go Orange.
Buffy Name to Name Stats
Can you name the Buffy Name to Name?
By
hilasterion
7m
42 Questions
8,396 Plays
8,396 Plays
8,396 Plays
Comments
Comments
Give Quiz Kudos
Give Quiz Kudos
-
- Ratings
hide this ad
More Info
Forced Order
Answers have to be entered in order
Answers have to be entered in order
Replay
Link that replays current quiz
Next Quiz
Link to next quiz in quiz playlist
You Got
0%
They Got
Avg Score
73%
Avg Friend Score
Upgrade to see
Score Distribution
Jump to the score distribution portion of the page
Score
0/42
Timer
07:00
0
Plays Today
Clue
Name
% Correct
He's a vampire who used to be a poet
Spike
99.7%
whose psychotic sire is
Drusilla
98.2%
whose death necessitates the call of the slayer
Faith
96.6%
who cuts the throat of the slayer
Kendra
95.3%
who keeps a close eye on the librarian
Rupert Giles
86.6%
who is the occasional babysitter for
Dawn Summers
81.2%
whose death happens concurrently with the explosion of
Sunnydale High School
81.1%
who injures the eye of
Xander Harris
81%
who is succeeded by
Principal Snyder
80.5%
who offers a vengeance job to
Willow Rosenberg
80.2%
who brain-
sucks the witch
Tara Maclay
78.2%
the priest of which is
Caleb
78.2%
who was sought by the fashion-
crazed
Glory
77.5%
who flays
Warren Meers
77.2%
who later appears as
The First
76.7%
the lead guitarist of which is
Daniel 'Oz' Osbourne
74.7%
who attempts to charm the vampire
Angel
74.5%
who smashes the power source of the demon
Anyanka
74.4%
who dates the slayer
Buffy Summers
74.2%
who casts a spell-
gone-
wrong with
Amy Madison
74.1%
who creates the hybrid monster
Adam
74%
Clue
Name
% Correct
whose mother is
Joyce Summers
73.6%
whose squad leader is
Riley Finn
73.4%
whose sire is
Darla
72.5%
who is later found by the floppy-
eared demon
Clem
71.8%
who works for
The Master
71.7%
who works for
Mayor Richard Wilkins
69.9%
whose leader is the psychology professor
Maggie Walsh
69.7%
who is dusted at
The Bronze
68%
who is originally part of the entourage of
Cordelia Chase
67.6%
whose family confronts her at
The Magic Box
67%
who is captured by the government organization
The Initiative
66.6%
who is thought to be a fitting date for a formerly popular cheerleader by
Harmony Kendall
66.2%
who hits with an axe
Spike
65.9%
the hyena-
fodder principal of which is
Principal Flutie
65.3%
whose demon boss is
D'Hoffryn
63.4%
the site at which the slayer is time looped by
Jonathan Levinson
61.7%
whose downward spiral begins when she kills the human
Deputy Mayor Allan Finch
59.7%
who makes a human/
demon hybrid monster out of the soldier
Forrest Gates
59.6%
which serves as the venue for Devon's band
Dingoes Ate my Baby
53.7%
who introduces a fellow witch to the magic dealer
Rack
45.8%
whose vessel is
Luke
43.5%
Quiz Playlist
Details
Report
Send in Message
Add To Playlist
More Info:
N.B. This quiz covers only the seven television seasons of Buffy the Vampire Slayer, not the earlier film and not the season 8 comics.
Classic:
Type in answers that appear in a list
Forced Order:
Answers have to be entered in order
Last Updated: Feb 16, 2017
Quiz Scoreboard
CHALLENGE
Sign Up to Join the Scoreboard
Show All
Scores
Hide
Comments
May contain spoilers
Recently Published
College Basketball Coaching Resumes
by pancakes188
Sports
9m
Billboard Blitz: Fleetwood Mac
by CooCooCachoo
Music
15s
Presidents Visiting Landmarks
by Hejman
History
7m
More to Explore
Quiz From the Vault
Featured Blog Post
Where Did the Easter Bunny Come From?
hide this ad
You Might Also Like...
Tags
Buffy the Vampire Slayer
Today's Top Quizzes in Television
Browse Television
hide this ad
Today's Top Quizzes in Buffy the Vampire Slayer
Browse Buffy the Vampire Slayer
Top Contributed Quizzes in Television
1
5-to-1: The Simpsons Families
2
5-to-1: Television Doctors
3
7-to-1: TV Show Settings
4
5-to-1: Streaming Originals
5
One Piece Logic Puzzle
6
Survivor Seasons
7
Survivor Logic Puzzle: Heroes vs. Villains
8
All US Survivor Seasons in Order
9
TV Shows by First Names
10
Survivor Season by Logo
Explore More
Trending Topics
Anime
NBA
Harry Potter
Disney
Crossword
Marvel
Kpop
Country
WWE
Soccer
Song
Puzzle
NFL
The Office
Pokémon
hide this ad
More By:
hilasterion
Quiz
Plays
Rating
Category
Featured
Created
LOTR Name to Name
240,508
4.66
Literature
Dec 19, 2009
Buffy Name to Name
8,396
4.33
Television
Dec 20, 2009
LOTR Trios
2,600
4.70
Literature
Dec 24, 2012
Put the LOTR chapters in order
1,937
3.33
Literature
Dec 28, 2012
Put the LOTR:FOTR chapters in order
1,349
3.40
Literature
Dec 27, 2012
Go to Creator's Profile
Score Distribution
Quiz Creator Spotlight
hilasterion
Follow
Send a Message
Quizzes Created
-
Created Quiz Play Count
-
More By This Creator
Popular Quizzes Today
1
Find the US States - No Outlines Minefield
2
Find the Countries of Europe - No Outlines Minefield
3
The Countries of the World
4
Find the US States
5
Risky Map Clicking: Biggest States A-Z
6
US States
7
Popular People in 1961
8
Movies - When Are They Set?
More Television Quizzes
Young Justice: The Team
Curator's Pick
Trending Quizzes
Risky Map Clicking: Least Populous States A-Z
1-10 Letter G Words
1-10 Letter F Words
Risky Map Clicking: Next State Alphabetically
Click the Washington State Counties! (Map)
Recently Updated
Leaping Animals
pecheneg
Reality TV Shows (A-Z)
bhenderson79
Rickey Henderson's Hall of Fame Teammates
pecheneg
Champions League XIs: Arsenal
pecheneg
Quick Pick: Celebrities in WWE's Hall of Fame
aduchscher
A-Z Keypad Blitz II
pecheneg
Multiple Oscar Actors
pecheneg
Mystery Phrase Blitz: Oscar 'Best Actors'
pecheneg
F. Scott Fitzgerald Novels
LTH
Pick 3 Villains
ddd62291
Trending Topics
Disney
Anime
Harry Potter
NBA
Crossword
Kpop
Marvel
NFL
Puzzle
Pokémon
WWE
Soccer
The Office
Song
Country
Your Account Isn't Verified!
In order to create a playlist on Sporcle, you need to verify the email address you used during registration. Go to your
Sporcle Settings
to finish the process.
Report this User
Report this user for behavior that violates our
Community Guidelines
.
Details:
Send Report
Go to the Sporcle.com Mobile Site →
Comments